| 000 | 00573nam a22001577a 4500 | ||
|---|---|---|---|
| 003 | OSt | ||
| 005 | 20150928163233.0 | ||
| 008 | 150928b xxu||||| |||| 00| 0 eng d | ||
| 040 | _cRUA | ||
| 082 | _aATM.Sp HOR 2003 B059 Or.1 | ||
| 100 |
_91506 _aHORN, SOVANN. |
||
| 245 | _aIntergrated farming system in prey veng district prey veng province, ប្រព័ន្ធកសិកម្មចំរុះនៅស្រុកព្រៃវែង ខេត្តព្រែវែង | ||
| 260 |
_aPhnom Penh _bRUA _c2003 |
||
| 300 |
_a55p. _bill. _c29cm. |
||
| 942 |
_2ddc _cATMSP |
||
| 999 |
_c1416 _d1416 |
||